000 01226nam a22003254a 4500
001 ebr10005790
003 CaPaEBR
006 m u
007 cr cn|||||||||
008 010328s2002 nyua sf 001 0 eng
010 _z 2001022761
020 _z0814406475
040 _aCaPaEBR
_cCaPaEBR
035 _a(OCoLC)70733445
050 1 4 _aHG4027.3
_b.G68 2002eb
082 0 4 _a658.15
_221
100 1 _aGotthilf, Daniel L.,
_d1924-
245 1 0 _aTreasurer's and controller's desk book
_h[electronic resource] /
_cDaniel L. Gotthilf.
250 _a3rd ed.
260 _aNew York :
_bAMACOM,
_cc2002.
300 _axix, 721 p. :
_bill.
500 _aIncludes index.
533 _aElectronic reproduction.
_bPalo Alto, Calif. :
_cebrary,
_d2013.
_nAvailable via World Wide Web.
_nAccess may be limited to ebrary affiliated libraries.
650 0 _aFinance
_vHandbooks, manuals, etc.
650 0 _aBusiness enterprises
_xFinance
_vHandbooks, manuals, etc.
650 0 _aControllership
_vHandbooks, manuals, etc.
655 7 _aElectronic books.
_2local
710 2 _aebrary, Inc.
856 4 0 _uhttp://site.ebrary.com/lib/rucke/Doc?id=10005790
_zAn electronic book accessible through the World Wide Web; click to view
999 _c3691
_d3691